| 000 | 00714nam a22002297a 4500 | ||
|---|---|---|---|
| 005 | 20170124105958.0 | ||
| 010 | _a324890 | ||
| 020 | _c00.00 | ||
| 035 | _a324890 | ||
| 037 | _bCen Lib/Ret | ||
| 040 |
_aDPL _bEN |
||
| 082 |
_a301.243 _bSCH |
||
| 100 |
_aSchramm, Wilbur _915146 |
||
| 245 |
_aMass media and national development : _cby Wilbur Schramm _bthe role of information in the developing countries / |
||
| 260 |
_aParis _bStanford University Press _c1964 |
||
| 270 | _bParis | ||
| 300 |
_axiv,333p. _c21cm(Hb) |
||
| 500 | _aIncludes bibliographic references and index | ||
| 650 |
_aDeveloping countries _96550 |
||
| 650 |
_aMass media _991822 |
||
| 942 |
_2ddc _cEN _h301.243 _mSCH |
||
| 999 |
_c125679 _d125679 |
||